书目信息 |
| 题名: |
中国能源经济数字图解
|
|
| 作者: | 魏一鸣 主编 | |
| 分册: | 2014-2018 | |
| 出版信息: | 北京 经济管理出版社 2019.08 |
|
| 页数: | 174页 | |
| 开本: | 26cm | |
| 丛书名: | ||
| 单 册: | ||
| 中图分类: | F426.2 | |
| 科图分类: | ||
| 主题词: | 能源经济--neng yuan jing ji--研究--中国 | |
| 电子资源: | ||
| ISBN: | 978-7-5096-6620-3 | |
| 000 | 01345nam 2200229 450 | |
| 001 | 2055441523 | |
| 005 | 20201106152415.18 | |
| 010 | @a978-7-5096-6620-3@dCNY98.00 | |
| 100 | @a20191023d2019 em y0chiy50 ea | |
| 101 | 0 | @achi |
| 102 | @aCN@b110000 | |
| 105 | @aabk z 000yy | |
| 200 | 1 | @a中国能源经济数字图解@Azhong guo neng yuan jing ji shu zi tu jie@h2014-2018@d= China's energy economy: an illustrated guide@h2014-2018@f魏一鸣主编@zeng |
| 210 | @a北京@c经济管理出版社@d2019.08 | |
| 215 | @a174页@c图, 地图@d26cm | |
| 330 | @a当前, 全球气候变化、国际贸易条件恶化、美国退出《巴黎协定》、中美贸易摩擦、“一带一路”能源合作持续推进、地缘政治等因素对国际能源形势正在产生重要影响, 能源发展呈现新的阶段性特征。《中国能源经济数字图解2014-2018》是《中国能源经济数字图解2012-2013》的延续, 本书加入了新时代下中国能源经济形势的新特征, 更新了基础数据和图表, 提出了近年来中国能源经济发展情况的新问题和新思考。《中国能源经济数字图解2014-2018》从时间演变趋势、空间分布、国际比较等视角, 展现中国能源经济的主要状况和运行规律, 包括能源储量与生产、能源消费、能源市场、能源与环境、能源与安全等。 | |
| 510 | 1 | @aChina's energy economy: an illustrated guide@h2014-2018@zeng |
| 606 | 0 | @a能源经济@Aneng yuan jing ji@x研究@y中国 |
| 690 | @aF426.2@v5 | |
| 701 | 0 | @a魏一鸣@Awei yi ming@4主编 |
| 801 | 0 | @aCN@b人天书店@c20201024 |
| 905 | @aZUCC@dF426.2@eW607 | |
| 中国能源经济数字图解.2014-2018= China's energy economy: an illustrated guide.2014-2018/魏一鸣主编.-北京:经济管理出版社,2019.08 |
| 174页:图, 地图;26cm |
| ISBN 978-7-5096-6620-3:CNY98.00 |
| 当前, 全球气候变化、国际贸易条件恶化、美国退出《巴黎协定》、中美贸易摩擦、“一带一路”能源合作持续推进、地缘政治等因素对国际能源形势正在产生重要影响, 能源发展呈现新的阶段性特征。《中国能源经济数字图解2014-2018》是《中国能源经济数字图解2012-2013》的延续, 本书加入了新时代下中国能源经济形势的新特征, 更新了基础数据和图表, 提出了近年来中国能源经济发展情况的新问题和新思考。《中国能源经济数字图解2014-2018》从时间演变趋势、空间分布、国际比较等视角, 展现中国能源经济的主要状况和运行规律, 包括能源储量与生产、能源消费、能源市场、能源与环境、能源与安全等。 |
| ● |
| 相关链接 |
|
|
|
正题名:中国能源经济数字图解
索取号:F426.2/W607
 
预约/预借
| 序号 | 登录号 | 条形码 | 馆藏地/架位号 | 状态 | 备注 |
| 1 | 1482812 | 214828123 | 社科库409/409社科库 35排7列2层/ [索取号:F426.2/W607] | 在馆 | |
| 2 | 1482813 | 214828132 | 社科库409/409社科库 35排7列2层/ [索取号:F426.2/W607] | 在馆 |